00396naa a2200133 a 450000100080000000500110000800800410001910000170006024500590007726000090013665000110014570000150015677300910017120448082016-05-11 1990 bl uuuu u00u1 u #d1 aSAHOO, U. K. aCharacteristics and performance of Binjharpuri cattle. c1990 aBovino1 aMISHRA, M. tIndian Journal of Animal Production and Managementgv. 6, n. 4, p. 218-223, Oct. 1990.